Administrative history of Orissa, 1866-1912 (Record no. 353207)

000 -LEADER
fixed length control field 00362cam a22001217a 4500
008 - FIXED-LENGTH DATA ELEMENTS--GENERAL INFORMATION
fixed length control field 180718b1986 xxu||||| |||| 00| 0 eng d
082 ## - DEWEY DECIMAL CLASSIFICATION NUMBER
Classification number B30x5414 Sa42a
100 ## - MAIN ENTRY--PERSONAL NAME
Personal name Samal, J.K.
245 ## - TITLE STATEMENT
Title Administrative history of Orissa, 1866-1912
Statement of responsibility, etc. by J.K. Samal
260 ## - PUBLICATION, DISTRIBUTION, ETC.
Place of publication, distribution, etc. Delhi
Name of publisher, distributor, etc. Desocvery
Date of publication, distribution, etc. 1986
300 ## - PHYSICAL DESCRIPTION
Extent 215p.
650 ## - SUBJECT ADDED ENTRY--TOPICAL TERM
Topical term or geographic name entry element Orissa (India) --Politics and government.
Holdings
Withdrawn status Lost status Damaged status Not for loan Permanent Location Current Location Date acquired Full call number Barcode Date last seen Price effective from Koha item type
        Indian Institute of Public Administration Indian Institute of Public Administration 1993-11-30 B30x5414 Sa42a 61981 2018-07-21 2018-07-21 Book

Powered by Koha